United Kingdom True or False - Statistics

General Stats
  • This quiz has been taken 366 times
    351 since last reset
  • The average score is 12 of 15
Answer Stats
Question Answer % Correct
Winston Churchill has been a Prime Minister of the United Kingdom. True
100%
Betty Boothroyd was the first female speaker in the House of Commons. True
100%
There is a mythical creature in the flag of Wales True
100%
United Kingdom is in the top 50 biggest countries in the world. False
91%
Guyana was part of the British Empire. True
91%
Plymouth is in Devon. True
91%
There are MPs in the House of Commons who refuse to take their seats. True
82%
The Humber Bridge is a suspension bridge. True
82%
The M4 motorway connects England and Scotland. False
73%
The River Dee flows through Dundee. False
73%
Lough Neagh is in Northern Ireland. True
73%
King John reigned before Richard I. False
64%
The Angel of the North is located next to the M1 just outside York. False
64%
United Kingdom's queen is 93 years old. True
64%
The Commonwealth Games have been held in Wales. True
36%
No matching quizzes found
Score Distribution
Percent of People with Each Score
Percentile by Number Answered
Your Score History
You have not taken this quiz since the last reset